Project appraisal and foreign exchange constraints (Registro nro. 26573)

Detalles MARC
000 -LEADER
fixed length control field 00402 a2200133 4500
001 - CONTROL NUMBER
control field ART_12680
005 - DATE AND TIME OF LATEST TRANSACTION
control field 20260410161908.0
008 - FIXED-LENGTH DATA ELEMENTS--GENERAL INFORMATION
fixed length control field 260409a
100 1# - MAIN ENTRY--PERSONAL NAME
Personal name Dasgupta, Partha
245 10 - TITLE STATEMENT
Title Project appraisal and foreign exchange constraints
700 1# - ADDED ENTRY--PERSONAL NAME
Personal name Blitzer, C.
700 1# - ADDED ENTRY--PERSONAL NAME
Personal name Stiglitz, Joseph E.
773 0# - HOST ITEM ENTRY
Title The Economic Journal
Related parts - Vol. 91, Nº 361 (mar. 1981)
Record control number REV12512

No hay ítems disponibles.